[Event "Maastricht Limburg op-B 9th"]
[Site "Maastricht"]
[Date "2015.05.23"]
[Round "2"]
[White "Van Dongen, Eric"]
[Black "Wuijts, Johan"]
[Result "1/2-1/2"]
[WhiteElo "1813"]
[BlackElo "1782"]
[PlyCount "59"]
[EventDate "2015.05.22"]
[EventType "swiss"]
[EventRounds "7"]
[EventCountry "NED"]
[SourceTitle "EXT 2016"]
[Source "ChessBase"]
[SourceDate "2015.10.08"]
[SourceVersion "1"]
[SourceVersionDate "2015.10.08"]
[SourceQuality "1"]

1. c4 e6 2. Nc3 f5 3. d4 Nf6 4. Nf3 Be7 5. Bf4 d6 6. h3 Ne4 7. Qc2 Nxc3 8. Qxc3 Bf6 9. Qc2 Nc6 10. Rd1 Qe7 11. d5 Ne5 12. Bxe5 dxe5 13. Nd2 e4 14. e3 Bd7 15. Be2 0-0 16. dxe6 Bxe6 17. 0-0 Rad8 18. b3 Kh8 19. Nb1 Be5 20. Rxd8 Rxd8 21. g3 g5 22. Kg2 Qc5 23. Rd1 Rf8 24. Nc3 c6 25. g4 Bc7 26. Qd2 Rd8 27. Qb2 Rxd1 28. Nxd1+ Qe5 29. Qxe5+ Bxe5 30. f3 1/2-1/2